| 000 | 01011cam a2200301 a 4500 | ||
|---|---|---|---|
| 999 |
_c45927 _d45926 |
||
| 001 | 981956 | ||
| 003 | Ke-MEMU | ||
| 005 | 20180906113759.0 | ||
| 008 | 851203s1985 enk 000 0aeng | ||
| 010 | _a 85235295 | ||
| 020 |
_a0860362043 (pbk.) : _c£5.25 |
||
| 040 |
_aLC _cKe-MEMU _dKe-MEMU |
||
| 043 | _af-gh--- | ||
| 050 | 0 | 0 |
_aDT 512.34 _b.B38 1985 |
| 082 | 0 | 0 |
_a966.7/05 _219 |
| 100 | 1 |
_aBatsa, Kofi, _d1931- _919551 |
|
| 245 | 1 | 4 |
_aThe spark : _btimes behind me : from Kwame Nkrumah to Hilla Limann / _cKofi Batsa. |
| 260 |
_aLondon : _bR. Collings, _c1985. |
||
| 300 |
_a137 p. ; _c22 cm. |
||
| 600 | 1 | 0 |
_aBatsa, Kofi, _d1931- _919551 |
| 610 | 2 | 0 |
_aPeople's National Party (Ghana) _919552 |
| 650 | 0 |
_aPoliticians _zGhana _xBiography. _919553 |
|
| 651 | 0 |
_aGhana _xPolitics and government _y1979-2001. _919554 |
|
| 651 | 0 |
_aGhana _xPolitics and government _y1957-1979. _919555 |
|
| 906 |
_a7 _bcbc _corignew _d3 _encip _f19 _gy-gencatlg |
||
| 942 |
_2lcc _cBK |
||